TENWEK HOSP HOME | SOC  | ASK A LIBRARIANSTAFF LOGIN  |  DIGITAL REPOSITORYe-BOOK PORTAL  |  OFF-CAMPUS PORTAL  |  DONATE

The one story; (Record no. 172)

MARC details
000 -LEADER
fixed length control field 00683cam a22002411 4500
001 - CONTROL NUMBER
control field 6016329
003 - CONTROL NUMBER IDENTIFIER
control field Ke-BoTe
005 - DATE AND TIME OF LATEST TRANSACTION
control field 20211108090202.0
008 - FIXED-LENGTH DATA ELEMENTS--GENERAL INFORMATION
fixed length control field 720814s1949 paua 000 0 eng
010 ## - LIBRARY OF CONGRESS CONTROL NUMBER
LC control number 49011778
035 ## - SYSTEM CONTROL NUMBER
System control number (OCoLC)381592
040 ## - CATALOGING SOURCE
Original cataloging agency DLC
Transcribing agency ODaWU
Modifying agency OCoLC
-- DLC
042 ## - AUTHENTICATION CODE
Authentication code premarc
050 00 - LIBRARY OF CONGRESS CALL NUMBER
Classification number BS551
Item number .N48 1949
082 ## - DEWEY DECIMAL CLASSIFICATION NUMBER
Classification number 220.95
100 1# - MAIN ENTRY--PERSONAL NAME
Personal name Niebuhr, Hulda,
Dates associated with a name 1889-1959.
9 (RLIN) 520
245 14 - TITLE STATEMENT
Title The one story;
Statement of responsibility, etc. illustrated by John Lear.
260 ## - PUBLICATION, DISTRIBUTION, ETC.
Place of publication, distribution, etc. Philadelphia,
Name of publisher, distributor, etc. Westminster Press
Date of publication, distribution, etc. [1949]
300 ## - PHYSICAL DESCRIPTION
Extent 192 p.
Other physical details illus.
Dimensions 24 cm.
650 #0 - SUBJECT ADDED ENTRY--TOPICAL TERM
Topical term or geographic name entry element Bible stories, English.
9 (RLIN) 521
906 ## - LOCAL DATA ELEMENT F, LDF (RLIN)
a 7
b cbc
c oclcrpl
d u
e ncip
f 19
g y-gencatlg
942 ## - ADDED ENTRY ELEMENTS (KOHA)
Source of classification or shelving scheme Library of Congress Classification
Koha item type Books
Suppress in OPAC No
Holdings
Withdrawn status Lost status Source of classification or shelving scheme Damaged status Not for loan Collection code Home library Current library Shelving location Date acquired Total Checkouts Full call number Barcode Date last seen Price effective from Koha item type
    Library of Congress Classification     Non-fiction SCHOOL OF CHAPLAINCY SCHOOL OF CHAPLAINCY General Stacks 08.11.2021   BS551.N48 1949 0711082021 08.11.2021 08.11.2021 Books